Statistics for All The Cities in the UK

Click here to take the quiz!

General Stats

  • This quiz has been taken 92 times
  • The average score is 39 of 67

Answer Stats

City% Correct
London
94%
Glasgow
91%
Aberdeen
90%
Bristol
90%
Edinburgh
90%
Liverpool
90%
Manchester
90%
Birmingham
89%
Cardiff
87%
York
85%
Belfast
84%
Leeds
84%
Nottingham
84%
Portsmouth
82%
Southampton
82%
Sheffield
80%
Cambridge
78%
Leicester
78%
Oxford
77%
Inverness
76%
Plymouth
76%
Kingston upon Hull
75%
Norwich
75%
Swansea
75%
Londonderry
70%
Bath
67%
Dundee
67%
Coventry
63%
Bradford
61%
Canterbury
61%
Derby
61%
Exeter
61%
Sunderland
58%
Wolverhampton
57%
Lincoln
56%
Gloucester
54%
Carlisle
52%
Durham
52%
Chester
51%
Stoke-on-Trent
49%
Lancaster
48%
Newport
48%
Worcester
48%
Preston
47%
Winchester
47%
Perth
46%
Stirling
46%
St Davids
44%
Ely
42%
Westminster
42%
Peterborough
41%
Truro
41%
Newcastle upon Tyne
39%
Salisbury
39%
Chichester
37%
Bangor
35%
Salford
35%
Hereford
34%
Wakefield
34%
Armagh
33%
Lisburn
32%
Newry
30%
St Albans
30%
Wells
29%
Lichfield
27%
Ripon
22%
Brighton and Hove
15%

Score Distribution

Percentile by Number Answered

Percent of People with Each Score

Your Score History

You have not taken this quiz